Energy Efficiency Best Practice Programme (EEBPP) (Record no. 119501)
[ view plain ]
| 000 -LEADER | |
|---|---|
| fixed length control field | 00794cam a2200169 4500 |
| 001 - CONTROL NUMBER | |
| control field | WS106662 |
| 008 - FIXED-LENGTH DATA ELEMENTS--GENERAL INFORMATION | |
| fixed length control field | 000000n 000 0 eng u |
| 035 ## - SYSTEM CONTROL NUMBER | |
| System control number | (Sirsi) u106662 |
| 245 ## - TITLE STATEMENT | |
| Title | Energy Efficiency Best Practice Programme (EEBPP) |
| 520 ## - SUMMARY, ETC. | |
| Summary, etc. | Web pages covering the government's Best Practice Programme giving details of their publications and press releases. Also links to their Information Centre which enable you to cross search the site. |
| 650 ## - SUBJECT ADDED ENTRY--TOPICAL TERM | |
| Topical term or geographic name entry element | ENERGY EFFICIENCY |
| 650 ## - SUBJECT ADDED ENTRY--TOPICAL TERM | |
| Topical term or geographic name entry element | BEST PRACTICE PROGRAMME |
| 650 ## - SUBJECT ADDED ENTRY--TOPICAL TERM | |
| Topical term or geographic name entry element | BUILT ENVIRONMENT-BUILDING INSPECTION |
| 690 ## - LOCAL SUBJECT ADDED ENTRY--TOPICAL TERM (OCLC, RLIN) | |
| Topical term or geographic name as entry element | ENVIRONMENTAL AND LAND CONSULTANCY-ENERGY-ENERGY USE-ENERGY EFFICIENCY |
| 856 40 - ELECTRONIC LOCATION AND ACCESS | |
| Uniform Resource Identifier | <a href="https://www.energy-efficiency.gov.uk">https://www.energy-efficiency.gov.uk</a> |
| Public note | View the website free of charge at www.energy-efficiency.gov.uk... |
| 942 ## - ADDED ENTRY ELEMENTS (KOHA) | |
| Suppress in OPAC | 0 |
| Withdrawn status | Lost status | Source of classification or shelving scheme | Damaged status | Not for loan | Home library | Current library | Shelving location | Date acquired | Total Checkouts | Full call number | Barcode | Date last seen | Copy number | Price effective from | Koha item type |
|---|---|---|---|---|---|---|---|---|---|---|---|---|---|---|---|
| Dewey Decimal Classification | Virtual | Virtual | Online | 22/06/2000 | WEB SITE | 106662-2001 | 06/08/2019 | 1 | 06/08/2019 | Online material |